Six ostriches / Philipp Schott, DVM.
Available copies
- 1 of 1 copy available at LARL/NWRL Consortium. (Show)
- 1 of 1 copy available at Lake Agassiz Regional Library.
Current holds
0 current holds with 1 total copy.
Show Only Available Copies
| Location | Call Number / Copy Notes | Barcode | Shelving Location | Status | Due Date |
|---|---|---|---|---|---|
| Moorhead Public Library | M SCH (Text) | 33500013825195 | Main | Available | - |
Record details
- ISBN: 9781770417250
- ISBN: 1770417257
- Physical Description: 271 pages ; 22 cm
- Publisher: Toronto : ECW Press, [2023]
- Copyright: ©2023
Content descriptions
| Summary, etc.: | "It's springtime in rural Manitoba, and the snow ... Read More |
| Additional Physical Form available Note: | Issued also in electronic format. |
Search for related items by subject
| Subject: | Veterinarians > Fiction. White supremacy movements > Fiction. Antiquities > Fiction. Animals > Crimes against > Fiction. Manitoba > Fiction. |
| Genre: | Detective and mystery fiction. |
Search for related items by series
| LDR | 02448cam a22004818i 4500 | ||
|---|---|---|---|
| 001 | 412468 | ||
| 003 | LARL_NWRL_CONSORTIUM | ||
| 005 | 20230615205710.0 | ||
| 008 | 220923t20232023onc e 000 f eng | ||
| 040 | . | ‡aNLC ‡beng ‡erda ‡cYDX ‡dNLC ‡dBDX ‡dTOH ‡dRCL ‡dOCP ‡dGP5 | |
| 015 | . | ‡a20230145663 ‡2can | |
| 020 | . | ‡a9781770417250 ‡q(softcover) | |
| 020 | . | ‡a1770417257 | |
| 035 | . | ‡a(OCoLC)1345460094 | |
| 042 | . | ‡alac | |
| 055 | 0. | ‡aPS8637.C5645 ‡bS59 2023 | |
| 082 | 0 | . | ‡aC813/.6 ‡223 |
| 084 | . | ‡acci1icc ‡2lacc | |
| 100 | 1 | . | ‡aSchott, Philipp, ‡eauthor. |
| 245 | 1 | 0. | ‡aSix ostriches / ‡cPhilipp Schott, DVM. |
| 264 | 1. | ‡aToronto : ‡bECW Press, ‡c[2023] | |
| 264 | 4. | ‡c©2023 | |
| 300 | . | ‡a271 pages ; ‡c22 cm | |
| 336 | . | ‡atext ‡btxt ‡2rdacontent | |
| 337 | . | ‡aunmediated ‡bn ‡2rdamedia | |
| 338 | . | ‡avolume ‡bnc ‡2rdacarrier | |
| 490 | 0 | . | ‡aDr. Bannerman vet ; ‡v2 |
| 520 | . | ‡a"It's springtime in rural Manitoba, and the snow has finally left the exotic animal farm when an ostrich finds and swallows a shiny object. (Because this is what ostriches do.) Cue veterinarian and amateur sleuth Dr. Peter Bannerman, who surgically removes the object, which looks like an ancient Viking artifact. Soon after, people around are horrified by a series of animal mutilations. This sets Peter, and his talented sniffer dog, Pippin, on the hunt for answers. Peter begins to suspect a link between the Viking artefact, the mutilations, and a shadowy group of white supremacists on the internet. Before long Peter and Pippin are in over their heads, and the only way for them to get out alive will be to unmask the mastermind before they end up among their victims."-- ‡cProvided by publisher. | |
| 530 | . | ‡aIssued also in electronic format. | |
| 650 | 0. | ‡aVeterinarians ‡vFiction. ‡0(LARL_NWRL_CONSORTIUM)167816 | |
| 650 | 0. | ‡aWhite supremacy movements ‡vFiction. | |
| 650 | 0. | ‡aAntiquities ‡vFiction. | |
| 650 | 0. | ‡aAnimals ‡xCrimes against ‡vFiction. | |
| 651 | 0. | ‡aManitoba ‡vFiction. | |
| 655 | 7. | ‡aDetective and mystery fiction. ‡2lcgft | |
| 776 | 0 | 8. | ‡iOnline version: ‡aSchott, Philipp. ‡tSix ostriches. ‡dToronto : ECW Press, 2023 ‡z1778521126 ‡z9781778521126 ‡w(OCoLC)1358410784 |
| 901 | . | ‡a412468 ‡bOCoLC ‡c412468 ‡tbiblio ‡soclc | |

Add to basket
Permalink
Disable Highlighting